000 00364nam a2200145Ia 4500
008 230312s9999||||xx |||||||||||||| ||und||
020 _a9781119285540
082 _a777.34
_bCAR-G
100 _aAbram,Carolyn
245 0 _aFacebook for dummies
260 _bWiley
_aUSA
_c2017
300 _a302
650 _aComputer
_vPhotography Digital techniques
942 _cBK
999 _c18123
_d18123